Dim lights, thick smoke and hillbilly music : country & western hit parade, 1947.

Bibliographic Details
Format: CD Audio
Language:English
Published: Hambergen, Germany : Bear Family Records, ℗2008.
Subjects:

MARC

Tag First Indicator Second Indicator Subfields
LEADER 00000cjm a2200000 a 4500
001 in00004597939
008 100609r20081947gw cynn i n eng d
007 sd fsngnnmmneu
005 20221020194701.0
010 |a  2010619453 
035 |a (OCoLC)ocn641875220 
040 |a TEF  |b eng  |c DLC  |d TEF  |d OCLCF  |d OCLCO  |d OCLCQ  |d OCLCO 
020 |a 9783899164039 
020 |a 3899164032 
024 3 |a 4000127169525 
028 0 2 |a BCD 16952 AR  |b Bear Family Records 
035 |a (OCoLC)641875220 
042 |a lccopycat 
090 |a M1630.18  |b .D54317 2008 
245 0 0 |a Dim lights, thick smoke and hillbilly music :  |b country & western hit parade, 1947. 
246 3 0 |a Country & western hit parade, 1947 
246 3 |a Country and western hit parade, 1947 
260 |a Hambergen, Germany :  |b Bear Family Records,  |c ℗2008. 
300 |a 1 audio disc :  |b digital ;  |c 4 3/4 in. 
336 |a performed music  |b prm  |2 rdacontent 
337 |a audio  |b s  |2 rdamedia 
338 |a audio disc  |b sd  |2 rdacarrier 
511 0 |a Various performers. 
500 |a Titles originally released under different labels in 1947. 
500 |a Compact disc. 
500 |a Notes by Colin Escott printed in booklet (71 p. : ill.) bound with disc. 
505 0 0 |t Smoke! smoke! smoke! (that cigarette)  |r (Tex Williams)  |g (2:53) --  |t It's a sin  |r (Eddie Arnold)  |g (2:23) --  |t Sugar moon  |r (Bob Wills)  |g (2:29) --  |t Cigarettes, whusky, and wild wild women  |r (Sons of the Pioneers)  |g (2:51) --  |t Cocaine blues  |r (Billy Hughes)  |g (2:33) --  |t Milk cow blues  |r (Maddox Brothers & Rose)  |g (3:06) --  |t Foggy river  |r (Moon Mullican)  |g (2:45) --  |t I'll step aside  |r (Ernest Tubb)  |g (2:37) --  |t Blue eyes crying in the rain  |r (Roy Acuff)  |g (2:37) --  |t Freight train boogie  |r (Delmore Brothers)  |g (2:41) --  |t So round, so firm, so fully packed  |r (Merle Travis)  |g (2:55) --  |t Signed, sealed and delivered  |r (Cowboy Copas)  |g (2:33) --  |t I'll hold you in my heart (till I can hold you in my arms)  |r (Eddy Arnold)  |g (2:39) --  |t Move it on over  |r (Hank Williams)  |g (2:42) --  |t Never trust a woman  |r (Red Foley)  |g (3:07) --  |t Shenandoah waltz  |r (Clyde Moody)  |g (2:44) --  |t Oakie boogie  |r (Jack Guthrie)  |g (2:32) --  |t New pretty blonde = New jole blon  |r (Moon Mullican)  |g (3:02) --  |t Rockin' chair money  |r (Bill Carlisle)  |g (2:52) --  |t Tramp on the street  |r (Cumberland Mountain Folks, vocal by Molly O'Day)  |g (2:47) --  |t Sunny side of the mountain  |r (Hawkshaw Hawkins)  |g (2:52) --  |t Keep them cold icey fingers off of me  |r (Fairley Holden)  |g (2:42) --  |t Blue moon of Kentucky  |r (Bill Monroe)  |g (3:00) --  |t Bringin' in the Georgia mail  |r (Charlie Monroe)  |g (2:49) --  |t Dust on the Bible  |r (Bailes Brothers)  |g (2:52) --  |t I've found a hiding place  |r (Carl Story)  |g (2:49) --  |t Canned heat  |r (Chet Atkins)  |g (2:31). 
650 0 |a Country music  |y To 1951. 
650 7 |a Country music.  |2 fast  |0 (OCoLC)fst00881424 
648 7 |a To 1951  |2 fast 
029 1 |a AU@  |b 000045686051 
994 |a Z0  |b TXA 
948 |h HELD BY TXA - 5 OTHER HOLDINGS 
999 f f |s 349a0f00-def8-4bff-8ac6-94e22081a5b7  |i 66b65e33-c78c-40a0-9631-b89190913af1  |t 0 
952 f f |p ric  |a Texas A&M University  |b Rellis Campus  |c Joint Library Facility  |d Remote Storage  |t 0  |e M1630.18 .D54317 2008  |h Library of Congress classification  |i audio -- audio disc  |m A14851305236 
998 f f |a M1630.18 .D54317 2008  |t 0  |l Remote Storage